ZELTER. (Record n. 302469)
[ formato base ]
| 000 -LEADER | |
|---|---|
| fixed length control field | 01156nam a2200229Ia 4500 |
| 001 - CONTROL NUMBER | |
| control field | L942-43503 |
| 003 - CONTROL NUMBER IDENTIFIER | |
| control field | IT-CnALBA |
| 008 - FIXED-LENGTH DATA ELEMENTS--GENERAL INFORMATION | |
| fixed length control field | 170116s9999||||xx |||||||||||||| ||und|| |
| 040 ## - CATALOGING SOURCE | |
| Original cataloging agency | IT-CnALBA |
| Transcribing agency | IT-CnALBA |
| 041 ## - LANGUAGE CODE | |
| Language code of text/sound track or separate title | ITALIANO |
| 999 ## - SYSTEM CONTROL NUMBERS (KOHA) | |
| Koha Dewey Subclass [OBSOLETE] | NO |
| 100 ## - MAIN ENTRY--PERSONAL NAME | |
| Personal name | DI FULVIO LUCA |
| 245 #0 - TITLE STATEMENT | |
| Title | ZELTER. |
| 250 ## - EDITION STATEMENT | |
| Edition statement | 1a ed. |
| 260 ## - PUBLICATION, DISTRIBUTION, ETC. (IMPRINT) | |
| Place of publication, distribution, etc. | MILANO |
| Name of publisher, distributor, etc. | ZELIG EDITORE |
| Date of publication, distribution, etc. | 1996 [1° Ed.:1996 - Ed.Ling.Originale: 1996] |
| 300 ## - PHYSICAL DESCRIPTION | |
| Extent | 91 p. |
| 500 ## - GENERAL NOTE | |
| General note | ZELER E LE MEMORIE. ABBANDONO DELL'UNIVERSITÀ PER L'IMPRESA DI FAMIGLIA. INFANZIA TRA LE CURE ASETTICHE DI UNA GOVERNANTE. SENZA LA MADRE. ODIO PER IL PADRE. PENSIERI NÈ BUONI NÈ CATTIVI SECONDO LA FORMAZIONE. ANIMO TRISTE E CUPO CRESCIUTO SENZA AMORE PAT |
| 501 ## - WITH NOTE | |
| With note | Società San Paolo EM - Piazza San Paolo, 14 - 12051 ALBA (CN) (non commercial uses only) ® Copyright 2017 |
| 520 ## - SUMMARY, ETC. | |
| Summary, etc. | ZELER E LE MEMORIE. ABBANDONO DELL'UNIVERSITÀ PER L'IMPRESA DI FAMIGLIA. INFANZIA TRA LE CURE ASETTICHE DI UNA GOVERNANTE. SENZA LA MADRE. ODIO PER IL PADRE. PENSIERI NÈ BUONI NÈ CATTIVI SECONDO LA FORMAZIONE. ANIMO TRISTE E CUPO CRESCIUTO SENZA AMORE PAT |
| 650 ## - SUBJECT ADDED ENTRY--TOPICAL TERM | |
| Topical term or geographic name as entry element | STORIA MODERNA |
| 942 ## - ADDED ENTRY ELEMENTS (KOHA) | |
| Koha item type | LIBRO |
| 957 ## - | |
| -- | 1 |
| 999 ## - SYSTEM CONTROL NUMBERS (KOHA) | |
| -- | Copie: 1 |
| Withdrawn status | Lost status | Damaged status | Not for loan | Home library | Current library | Date acquired | Total Checkouts | Full call number | Date last seen | Price effective from | Koha item type | Public note |
|---|---|---|---|---|---|---|---|---|---|---|---|---|
| Buone Condizioni | Not For Loan | ALBA - Biblioteca | ALBA - Biblioteca | 16/01/2017 | L942-43503 | 16/01/2017 | 16/01/2017 | LIBRO | (data import: 16 gennaio 2017) - By Epidotti, Vaglietti. |